000 00583nam a22001937a 4500
003 BD-ChCU
005 20260618100238.0
008 260618b bg ||||| |||| 00| 0 eng d
020 _a9789842932120
040 _cBD-ChCU
082 _223
_a330.95492 H249d
100 _aHansen, Ed L.
_923848
245 _aDeveloping 21st century leader manager :
_bcharacter and qualities /
_cEd. L Hansen.
260 _aDhaka :
_bA.H.Development Pub.,
_c2026
300 _a282 P. :
504 _aIncludes.
650 0 _aLeadership -development qualities practies.
_923849
942 _2ddc
_cBK
_n0
999 _c113405
_d113405